00756nam a2200205 450000500170000001000150001702000260003203500140005803700090007208200170008110000310009824500590012925000060018826000520019427000780024630000190032494200280034399900190037195201600039020250708153129.0 aENG-145806 a9789355329684c595.00 aEN-129338 bDBAD a745.2095421 aMagoo, Sanjay Kumar982802 aDesign ThinkingcSanjay Kumar Magoo [and] Rakesh Gupta a1 aTamil NadubMcgraw Hill Education Pvt Ltdc2025 aAnjana Complex No: 5/90 A, Butt Road, St Thomas MountbTamil Nadue600016 avpp.c24cm(pb) 2ddccENh745.20954mMAG c212255d212255 001040708NFICaZLSbZLSd2025-07-08eDelivery of Books Act Divisiong595.00l0o745.20954 MAGpEN-129338r2025-07-08 00:00:00t1v595.00w2025-07-08yEN